LEC Winter 2025 Résultat - Statistiques

Statistiques générales
  • Ce quiz a été pris 33 fois
  • Le résultat moyen est 28 sur 30
Statistiques - réponses
Place Équipe % Correct
1 Fnatic
100%
L 1
96%
L 3
96%
L 3
96%
L 3
96%
W 6
96%
W 6
96%
W 6
96%
W 8
96%
3 G2
96%
2 Karmine Corp
96%
4 Moviestar KOI
96%
W 1
93%
W 3
93%
L 4
93%
L 4
93%
W 4
93%
W 5
93%
W 5
93%
L 5
93%
L 6
93%
L 8
93%
6 GiantX
93%
9 SK Gaming
93%
8 Team Heretics
93%
5 Team Vitality
93%
W 1
89%
L 8
89%
10 Rogue
89%
7 Team BDS
89%
Aucun quiz correspondant
Distribution des résultats
% des personnes avec chaque résultat
Percentile par nombre de réponses
Votre historique - résultats
Vous n’avez pas pris ce quiz